[Event "Titled Tuesday intern op 12th May"]
[Site "Chess.com INT"]
[Date "2020.05.12"]
[Round "5"]
[White "Fabregas, Roberto"]
[Black "Abdulla, Khayala Mardan Qizi"]
[Result "0-1"]
[WhiteElo "2089"]
[BlackElo "2263"]
[PlyCount "56"]
[EventDate "2020.05.12"]
[EventType "swiss (blitz)"]
[EventRounds "10"]
[EventCountry "USA"]
[SourceTitle "EXT 2021"]
[Source "ChessBase"]
[SourceDate "2020.10.23"]
[SourceVersion "1"]
[SourceVersionDate "2020.10.23"]
[SourceQuality "1"]

1. c4 e5 2. Nc3 Nf6 3. Nf3 Nc6 4. d3 d5 5. cxd5 Nxd5 6. g3 Be7 7. Bg2 0-0 8. 0-0 Be6 9. a3 f5 10. Qc2 Bf6 11. Rd1 Qe7 12. e4 Nxc3 13. Qxc3 Rad8 14. Be3 Nd4 15. Bxd4 exd4 16. Qe1 Bb3 17. Rdc1 fxe4 18. Qxe4 Qxe4 19. dxe4 c6 20. a4 d3 21. Nd2 Bc2 22. Ra2 Bd4 23. Rf1 a6 24. Bf3 b5 25. axb5 axb5 26. b4 Bc3 27. Nb1 Bxb1 28. Rxb1 Rxf3 0-1

[Event "Titled Tuesday intern op 12th May"]
[Site "Chess.com INT"]
[Date "2020.05.12"]
[Round "3"]
[White "Tymrakiewicz, Rafal"]
[Black "Fabregas, Roberto"]
[Result "1-0"]
[WhiteElo "2253"]
[BlackElo "2096"]
[PlyCount "93"]
[EventDate "2020.05.12"]
[EventType "swiss (blitz)"]
[EventRounds "10"]
[EventCountry "USA"]
[SourceTitle "EXT 2021"]
[Source "ChessBase"]
[SourceDate "2020.10.23"]
[SourceVersion "1"]
[SourceVersionDate "2020.10.23"]
[SourceQuality "1"]

1. e4 c5 2. d4 cxd4 3. c3 d3 4. Bxd3 Nc6 5. Be3 g6 6. Nd2 Bg7 7. f4 d6 8. Ngf3 Qc7 9. 0-0 Nf6 10. h3 0-0 11. Qe1 e5 12. Qh4 exf4 13. Bxf4 Nh5 14. Bh2 Bf6 15. Qf2 Bg7 16. Rae1 Be6 17. Ng5 Ne5 18. Bb1 Qd7 19. Qh4 Bf6 20. g4 h6 21. Rxf6 hxg5 22. Qxg5 Nxf6 23. Qxf6 Qd8 24. Qf4 Qh4 25. Re3 Rae8 26. Kg2 Nc4 27. Nxc4 Bxc4 28. Bg3 Qe7 29. Qh6 Qf6 30. Rf3 Qg7 31. Qf4 Be6 32. Bh4 f6 33. Bg3 g5 34. Qd2 Qd7 35. b3 Bf7 36. c4 Bg6 37. Qd5+ Qf7 38. Qd4 Qh7 39. Bxd6 Rf7 40. Re3 Rd7 41. c5 Red8 42. Bd3 Qf7 43. Bc4 Rxd6 44. Bxf7+ Bxf7 45. cxd6 Rd7 46. e5 fxe5 47. Rxe5 1-0

[Event "Titled Tuesday intern op 5th May"]
[Site "Chess.com INT"]
[Date "2020.05.05"]
[Round "8"]
[White "Fabregas, Roberto"]
[Black "Fabris, Alberto"]
[Result "0-1"]
[WhiteElo "2077"]
[BlackElo "2230"]
[PlyCount "73"]
[EventDate "2020.05.05"]
[EventType "swiss (blitz)"]
[EventRounds "10"]
[EventCountry "USA"]
[SourceTitle "EXT 2021"]
[Source "ChessBase"]
[SourceDate "2020.10.23"]
[SourceVersion "1"]
[SourceVersionDate "2020.10.23"]
[SourceQuality "1"]

1. c4 e5 2. Nc3 Nf6 3. g3 Bb4 4. Nd5 Nxd5 5. cxd5 0-0 6. Bg2 d6 7. a3 Bc5 8. e3 a5 9. Ne2 Bg4 10. f3 Bh5 11. 0-0 Nd7 12. d4 exd4 13. Nxd4 Ne5 14. g4 Bg6 15. Bd2 Bxd4 16. exd4 Nc4 17. Qc1 Nb6 18. f4 Bd3 19. Rf3 Be4 20. Rc3 Bxg2 21. Kxg2 Nxd5 22. Rh3 Qe7 23. Qc4 Qe4+ 24. Kg3 Ne3 25. Re1 Nxc4 26. Rxe4 Nxd2 27. Re7 Rac8 28. g5 d5 29. f5 Ne4+ 30. Kf4 Rfe8 31. Rd7 Red8 32. Re7 Nd6 33. g6 fxg6 34. fxg6 Rf8+ 35. Kg4 hxg6 36. Rd7 Rf7 37. Rxf7 0-1

[Event "Titled Tuesday intern op 5th May"]
[Site "Chess.com INT"]
[Date "2020.05.05"]
[Round "10"]
[White "Morales Flores, Monserrat"]
[Black "Fabregas, Roberto"]
[Result "0-1"]
[WhiteElo "1974"]
[BlackElo "2100"]
[PlyCount "117"]
[EventDate "2020.05.05"]
[EventType "swiss (blitz)"]
[EventRounds "10"]
[EventCountry "USA"]
[SourceTitle "EXT 2021"]
[Source "ChessBase"]
[SourceDate "2020.10.23"]
[SourceVersion "1"]
[SourceVersionDate "2020.10.23"]
[SourceQuality "1"]

1. e4 c5 2. Nf3 d6 3. d4 cxd4 4. Nxd4 Nf6 5. Nc3 a6 6. Be2 b5 7. a4 b4 8. Nd5 Nxd5 9. exd5 Bb7 10. Bf3 g6 11. 0-0 Bg7 12. Re1 0-0 13. Bg5 Re8 14. c3 h6 15. Bh4 g5 16. Bg3 bxc3 17. bxc3 Nd7 18. Nc6 Bxc6 19. dxc6 Nc5 20. Qc2 Qc7 21. Rad1 Rad8 22. Bh5 Qxc6 23. Qf5 Bf6 24. Bxf7+ Kxf7 25. Qh7+ Bg7 26. h4 Ne6 27. Qf5+ Bf6 28. Qxe6+ Kg7 29. hxg5 hxg5 30. f4 gxf4 31. Bxf4 Qxa4 32. Qg4+ Kf7 33. Qh5+ Kg8 34. Qg6+ Kh8 35. Qh6+ Kg8 36. Re3 Qxd1+ 37. Kf2 Qd2+ 38. Re2 Qd3 39. Re3 Qh7 40. Rg3+ Kh8 41. Rh3 Qxh6 42. Rxh6+ Kg7 43. Rh1 Rh8 44. Re1 Rh5 45. Bg3 Ra5 46. Re4 Ra2+ 47. Kf3 Rc8 48. Rg4+ Kf7 49. Rf4 Rxc3+ 50. Kg4 Rac2 51. Rf3 Rxf3 52. gxf3 Rc4+ 53. Bf4 a5 54. Kf5 Rxf4+ 55. Kxf4 a4 56. Ke4 a3 57. Kd5 a2 58. Kc6 a1Q 59. Kd7 0-1

[Event "Titled Tuesday intern op 5th May"]
[Site "Chess.com INT"]
[Date "2020.05.05"]
[Round "3"]
[White "Vusatiuk, Vladimir"]
[Black "Fabregas, Roberto"]
[Result "1-0"]
[WhiteElo "2323"]
[BlackElo "2090"]
[PlyCount "57"]
[EventDate "2020.05.05"]
[EventType "swiss (blitz)"]
[EventRounds "10"]
[EventCountry "USA"]
[SourceTitle "EXT 2021"]
[Source "ChessBase"]
[SourceDate "2020.10.23"]
[SourceVersion "1"]
[SourceVersionDate "2020.10.23"]
[SourceQuality "1"]

1. d4 Nf6 2. Nc3 e6 3. e4 d6 4. Be3 Be7 5. f3 Nbd7 6. Qd2 0-0 7. g4 c5 8. Nge2 cxd4 9. Nxd4 Ne5 10. h4 Nc6 11. h5 Nxd4 12. Qxd4 e5 13. Qd2 Be6 14. 0-0-0 Rc8 15. g5 Nd7 16. Bh3 f5 17. gxf6 Rxf6 18. Nd5 Bxd5 19. Qxd5+ Kf8 20. h6 g6 21. f4 Nb6 22. Qb5 Qc7 23. Bxc8 Nxc8 24. fxe5 dxe5 25. Rd7 Qc6 26. Qxc6 bxc6 27. Bg5 Ke8 28. Rxe7+ Kxe7 29. Rf1 1-0

[Event "Titled Tuesday intern op 28th Apr"]
[Site "Chess.com INT"]
[Date "2020.04.28"]
[Round "5"]
[White "Fabregas, Roberto"]
[Black "Rusev, Rosen Yordanov"]
[Result "0-1"]
[WhiteElo "2115"]
[BlackElo "2352"]
[PlyCount "66"]
[EventDate "2020.04.28"]
[EventType "swiss (blitz)"]
[EventRounds "10"]
[EventCountry "USA"]
[SourceTitle "EXT 2021"]
[Source "ChessBase"]
[SourceDate "2020.10.23"]
[SourceVersion "1"]
[SourceVersionDate "2020.10.23"]
[SourceQuality "1"]

1. d4 Nf6 2. Bf4 d5 3. e3 c5 4. c3 Nc6 5. Nd2 Bf5 6. Ngf3 e6 7. h3 Bd6 8. Bg5 h6 9. Bxf6 Qxf6 10. Bb5 0-0 11. a4 a6 12. Be2 e5 13. dxe5 Nxe5 14. Nxe5 Qxe5 15. Nf3 Qe6 16. Qb3 Rab8 17. a5 Rfd8 18. Rd1 Bc7 19. Qa2 Be4 20. 0-0 Qd6 21. g3 Qf6 22. Nd2 Bc2 23. Rc1 Bf5 24. Kg2 Qe6 25. Rh1 Qg6 26. Bf3 h5 27. Bxd5 Rxd5 28. Qxd5 Rd8 29. Qxb7 Rxd2 30. Qxc7 Be4+ 31. Kg1 Bxh1 32. Kxh1 Rxf2 33. Rd1 Qe4+ 0-1

[Event "Titled Tuesday intern op 28th Apr"]
[Site "Chess.com INT"]
[Date "2020.04.28"]
[Round "9"]
[White "Fabregas, Roberto"]
[Black "Simonovic, Miroslav"]
[Result "1-0"]
[WhiteElo "2098"]
[BlackElo "2129"]
[PlyCount "133"]
[EventDate "2020.04.28"]
[EventType "swiss (blitz)"]
[EventRounds "10"]
[EventCountry "USA"]
[SourceTitle "EXT 2021"]
[Source "ChessBase"]
[SourceDate "2020.10.23"]
[SourceVersion "1"]
[SourceVersionDate "2020.10.23"]
[SourceQuality "1"]

1. d4 Nf6 2. Bf4 c5 3. e3 cxd4 4. exd4 g6 5. c3 Bg7 6. Nf3 0-0 7. Nbd2 d5 8. Bd3 h6 9. 0-0 Nc6 10. Re1 Nh5 11. Be5 Nxe5 12. Nxe5 Nf4 13. Bc2 e6 14. g3 Nh3+ 15. Kg2 Ng5 16. f4 Nh7 17. Ndf3 Re8 18. Qb1 Nf8 19. Nh4 g5 20. fxg5 hxg5 21. Nhf3 f5 22. Qc1 g4 23. Nh4 Qf6 24. Qe3 Bh6 25. Qe2 Nh7 26. Rf1 Qg7 27. Rae1 Rf8 28. Nd3 Rf6 29. Nf4 Bg5 30. Qb5 Bxh4 31. gxh4 Bd7 32. Qxb7 Raf8 33. Kg3 R6f7 34. Nh5 Qh6 35. Qb4 Qxh5 36. Re5 Nf6 37. Bd1 Rh7 38. Qb7 Qxh4+ 39. Kf4 Qxh2+ 40. Ke3 Qg3+ 41. Kd2 Rh2+ 42. Be2 Rxe2+ 43. Rxe2 Ne4+ 44. Kd1 Ba4+ 45. b3 Nxc3+ 46. Kd2 Nxe2 47. Kxe2 Qg2+ 48. Rf2 Qe4+ 49. Kf1 Be8 50. Qc7 Bg6 51. Rh2 Rf7 52. Qd8+ Rf8 53. Qh4 Kf7 54. Qg5 Qxd4 55. Rd2 Qf6 56. Qh6 f4 57. Rc2 Re8 58. Rc7+ Re7 59. Rc8 e5 60. Qf8+ Ke6 61. Rc6+ Kf5 62. Qxf6+ Ke4 63. Qxe7 Bf5 64. Rf6 Kf3 65. Rxf5 e4 66. Qe5 e3 67. Qxf4# 1-0

[Event "Titled Tuesday intern op 21st April"]
[Site "Chess.com INT"]
[Date "2020.04.21"]
[Round "1"]
[White "Fabregas, Roberto"]
[Black "Aghasiyev, Kamal"]
[Result "0-1"]
[WhiteElo "2116"]
[BlackElo "2441"]
[PlyCount "106"]
[EventDate "2020.04.21"]
[EventType "swiss (blitz)"]
[EventRounds "10"]
[EventCountry "USA"]
[SourceTitle "EXT 2021"]
[Source "ChessBase"]
[SourceDate "2020.10.23"]
[SourceVersion "1"]
[SourceVersionDate "2020.10.23"]
[SourceQuality "1"]

1. d4 Nf6 2. Bf4 g6 3. e3 Bg7 4. Nf3 0-0 5. h4 c5 6. c3 Qb6 7. Qb3 Qxb3 8. axb3 d6 9. Nbd2 Nc6 10. Be2 b6 11. Ng5 Bb7 12. Bf3 a6 13. h5 cxd4 14. exd4 e5 15. dxe5 dxe5 16. Be3 b5 17. hxg6 hxg6 18. 0-0-0 Na5 19. Bxb7 Nxb7 20. Rh4 Nd5 21. Nf1 Rad8 22. Ng3 Nxe3 23. fxe3 Rxd1+ 24. Kxd1 Nc5 25. Kc2 Bf6 26. Rg4 Rd8 27. N3e4 Nxe4 28. Nxe4 Be7 29. Rg3 Kg7 30. Rh3 f5 31. Nf2 e4 32. Rh1 Bc5 33. Re1 Kf6 34. Re2 Rh8 35. Nh3 g5 36. b4 Be7 37. b3 Kg6 38. c4 Bxb4 39. Kb2 bxc4 40. bxc4 Bc5 41. Kc3 Rb8 42. Ng1 a5 43. Rb2 Rxb2 44. Kxb2 Bxe3 45. Ne2 f4 46. Kc3 Kf5 47. c5 Bxc5 48. Kd2 Kg4 49. Ke1 f3 50. gxf3+ exf3 51. Nc3 Bb4 52. Kd2 Bxc3+ 53. Kxc3 f2 0-1

[Event "Titled Tuesday intern op 21st April"]
[Site "Chess.com INT"]
[Date "2020.04.21"]
[Round "7"]
[White "Fabregas, Roberto"]
[Black "Efimenko, Maria"]
[Result "1-0"]
[WhiteElo "2129"]
[BlackElo "2236"]
[PlyCount "115"]
[EventDate "2020.04.21"]
[EventType "swiss (blitz)"]
[EventRounds "10"]
[EventCountry "USA"]
[SourceTitle "EXT 2021"]
[Source "ChessBase"]
[SourceDate "2020.10.23"]
[SourceVersion "1"]
[SourceVersionDate "2020.10.23"]
[SourceQuality "1"]

1. d4 d6 2. Bf4 g6 3. Nf3 Bg7 4. c3 Nd7 5. Nbd2 e5 6. Bg3 f5 7. e3 Ngf6 8. dxe5 dxe5 9. Nxe5 Nxe5 10. Bxe5 0-0 11. Bc4+ Kh8 12. Nf3 Qe7 13. 0-0 a6 14. a4 b6 15. Bd5 Ra7 16. Qb3 Qc5 17. Bxf6 Bxf6 18. Nd4 Bd7 19. Rfd1 c6 20. Be6 Re8 21. Bxd7 Rxd7 22. Rac1 Rd6 23. g3 Qe5 24. Qxb6 c5 25. Qa5 cxd4 26. Qxe5 Bxe5 27. cxd4 Bg7 28. Rc7 Rb8 29. Rdc1 Bf6 30. Rc8+ Rd8 31. Rxd8+ Bxd8 32. Rc6 a5 33. Ra6 Kg8 34. Re6 Kf7 35. Rd6 Ke7 36. Ra6 Rxb2 37. Ra7+ Kf6 38. Rxh7 Be7 39. h4 Ra2 40. h5 gxh5 41. Rxh5 Rxa4 42. Rh6+ Kg5 43. Ra6 Ra2 44. Kg2 Bf6 45. Kf3 a4 46. Ra5 a3 47. g4 Ra1 48. Rxf5+ Kg6 49. e4 Bxd4 50. Rd5 Bg7 51. Rd6+ Kf7 52. Rd7+ Kf8 53. Rd8+ Ke7 54. Ra8 a2 55. Kf4 Bd4 56. f3 Kf7 57. g5 Kg7 58. Kf5 1-0

[Event "Titled Tuesday intern op 21st April"]
[Site "Chess.com INT"]
[Date "2020.04.21"]
[Round "5"]
[White "Ohanyan, Emin"]
[Black "Fabregas, Roberto"]
[Result "1-0"]
[WhiteElo "2291"]
[BlackElo "2105"]
[PlyCount "51"]
[EventDate "2020.04.21"]
[EventType "swiss (blitz)"]
[EventRounds "10"]
[EventCountry "USA"]
[SourceTitle "EXT 2021"]
[Source "ChessBase"]
[SourceDate "2020.10.23"]
[SourceVersion "1"]
[SourceVersionDate "2020.10.23"]
[SourceQuality "1"]

1. e4 c5 2. Nf3 d6 3. d4 cxd4 4. Nxd4 Nf6 5. Nc3 a6 6. Bc4 e6 7. Bb3 Nc6 8. f4 Qc7 9. 0-0 Be7 10. Be3 b5 11. f5 e5 12. Nxc6 Qxc6 13. Nd5 Bb7 14. Nxf6+ gxf6 15. Bd5 Qc7 16. c3 Bxd5 17. Qxd5 Rc8 18. a4 Qc4 19. axb5 axb5 20. Ra7 Qxd5 21. exd5 0-0 22. Rxe7 Ra8 23. Rf3 Ra2 24. Rg3+ Kh8 25. Bh6 Rfa8 26. Rxf7 1-0

[Event "Titled Tuesday intern op 21st April"]
[Site "Chess.com INT"]
[Date "2020.04.21"]
[Round "2"]
[White "Perez Rodriguez, Luis Manuel"]
[Black "Fabregas, Roberto"]
[Result "1-0"]
[WhiteElo "2324"]
[BlackElo "2113"]
[PlyCount "73"]
[EventDate "2020.04.21"]
[EventType "swiss (blitz)"]
[EventRounds "10"]
[EventCountry "USA"]
[SourceTitle "EXT 2021"]
[Source "ChessBase"]
[SourceDate "2020.10.23"]
[SourceVersion "1"]
[SourceVersionDate "2020.10.23"]
[SourceQuality "1"]

1. e4 c5 2. Nf3 d6 3. d4 cxd4 4. Nxd4 Nf6 5. Nc3 e6 6. g4 h6 7. h4 e5 8. Bb5+ Bd7 9. Bxd7+ Qxd7 10. Nf5 Nc6 11. Rg1 a6 12. Nd5 Nxe4 13. Nb6 Qd8 14. Nxa8 Qxa8 15. Qd5 g6 16. Qxe4 gxf5 17. Qxf5 Nd4 18. Qe4 Qc8 19. c3 Nc6 20. Be3 Rg8 21. 0-0-0 Qe6 22. Kb1 Be7 23. g5 hxg5 24. hxg5 Na5 25. f4 exf4 26. Qa4+ Nc6 27. Bxf4 Kd7 28. Qc2 b5 29. Rg2 Rg6 30. Rgd2 Kc7 31. Rd5 Na5 32. a4 Nc4 33. axb5 axb5 34. Rxb5 Kc6 35. Qa4 Kc7 36. Qa7+ Kd8 37. Rb8+ 1-0